Το έπος των Χαραφίς

Αποθηκεύτηκε σε:
Λεπτομέρειες βιβλιογραφικής εγγραφής
Κύριος συγγραφέας: Mahfuz, Najib, 1911-2006
Μορφή: Βιβλίο
Γλώσσα:Greek
Arabic
Δημοσίευση: Αθήνα : Ψυχογιός, c1998.
Έκδοση:2η ανατ.
Θέματα:
Ετικέτες: Προσθήκη ετικέτας
Δεν υπάρχουν, Καταχωρήστε ετικέτα πρώτοι!

MARC

LEADER 00000cam a2200000 i 4500
001 1/83421
008 050809s1998 gr | ||| |||| ||gre||
020 |a 9602742801 
035 |l 10079768 
040 |a GR-MyUa  |b gre  |e AACR2 
041 1 |a gre  |h ara 
082 7 |a 892.736   |2 (22) 
082 7 |a 892.73   |2 (22)  
100 1 |a Mahfuz, Najib,   |d 1911-2006 . 
245 1 3 |a Το έπος των Χαραφίς /   |c Ναγκίμπ Μαχφούζ ; μετάφραση απο τα αραβικά: Πέρσα Κουμούτση ; πρόλογος: Κ.Ι. Τσαούσης.  
250 |a 2η ανατ. 
260 |a Αθήνα :   |b Ψυχογιός,   |c c1998.  
300 |a 508 σ. ;   |c 21 εκ. 
500 |a Τίτλος πρωτοτύπου: Al harafish.  
650 0 |a Arabic fiction. 
852 |a INST  |b SAMOS  |e 20050809  |h 892.736 MAH  |p 005300025051  |q 005300025051  |t BK  |y 0 
852 |a INST  |b SYROS  |e 20120516  |h 892.73 MAH  |p 005500010298  |q 005500010298  |t BK  |y 0 
901 |a BIBL5-2012-1 
901 |a BIBL3-2005-2 
970 |a Κοσιέρης  |b Χρήστος  |z 09/08/2005